Detalles MARC
| 000 -CABECERA |
| campo de control de longitud fija |
00987cam a2200241 a 4500 |
| 001 - NÚMERO DE CONTROL |
| campo de control |
000014628 |
| 003 - IDENTIFICADOR DEL NÚMERO DE CONTROL |
| campo de control |
DO-SdBNP |
| 005 - FECHA Y HORA DE LA ÚLTIMA TRANSACCIÓN |
| campo de control |
20260204101327.0 |
| 008 - DATOS DE LONGITUD FIJA--INFORMACIÓN GENERAL |
| campo de control de longitud fija |
991201s1999 ck ab b f001 0 spa |
| 020 ## - NÚMERO INTERNACIONAL ESTÁNDAR DEL LIBRO |
| Número Internacional Estándar del Libro |
9586831108 |
| 040 ## - FUENTE DE LA CATALOGACIÓN |
| Centro catalogador/agencia de origen |
DO-SdBNP |
| Lengua de catalogación |
spa |
| Centro/agencia transcriptor |
BNPHU |
| 082 #4 - NÚMERO DE LA CLASIFICACIÓN DECIMAL DEWEY |
| Número de clasificación |
986.1 |
| Número de documento/Ítem |
M516a |
| Número de edición |
22 |
| 100 1# - ENTRADA PRINCIPAL--NOMBRE DE PERSONA |
| Nombre de persona |
Mejía Pavony, Germán Rodrigo |
| 9 (RLIN) |
33143 |
| 245 14 - MENCIÓN DE TÍTULO |
| Título |
Los años del cambio : |
| Resto del título |
historia urbana de Bogotá, 1820-1910 / |
| Mención de responsabilidad, etc. |
Germán Rodrigo Mejía Pavony. |
| 260 ## - PUBLICACIÓN, DISTRIBUCIÓN, ETC. |
| Lugar de publicación, distribución, etc. |
Santa Fé de Bogota, (Colombia) : |
| Nombre del editor, distribuidor, etc. |
Pontificia Universidad Javeriana, Facultad de Ciencias Sociales, Departamento de Historia, |
| -- |
Instituto Colombiano de Cultura Hispánica, |
| Fecha de publicación, distribución, etc. |
1999. |
| 300 ## - DESCRIPCIÓN FÍSICA |
| Extensión |
498 p. : |
| Otras características físicas |
il., mapas ; |
| Dimensiones |
24 cm. |
| 504 ## - NOTA DE BIBLIOGRAFÍA, ETC. |
| Nota de bibliografía, etc. |
Bibliografía: p. 483-498 |
| 651 #4 - PUNTO DE ACCESO ADICIONAL DE MATERIA--NOMBRE GEOGRÁFICO |
| Nombre geográfico |
Bogotá (Colombia) |
| Subdivisión general |
Historia |
| Subdivisión cronológica |
Siglo XIX |
| 9 (RLIN) |
33144 |
| 651 #4 - PUNTO DE ACCESO ADICIONAL DE MATERIA--NOMBRE GEOGRÁFICO |
| Nombre geográfico |
Bogotá (Colombia) |
| Subdivisión general |
Historia |
| Subdivisión cronológica |
Siglo XX |
| 9 (RLIN) |
33145 |
| 651 #4 - PUNTO DE ACCESO ADICIONAL DE MATERIA--NOMBRE GEOGRÁFICO |
| Nombre geográfico |
Bogotá (Colombia) |
| Subdivisión general |
Condiciones sociales |
| 9 (RLIN) |
33146 |
| 910 ## - DATOS DE OPCIÓN DEL USUARIO (OCLC) |
| Datos de opción del usuario |
Catalogación por copia / LC |
| 942 ## - ELEMENTOS DE PUNTO DE ACCESO ADICIONAL (KOHA) |
| Fuente del sistema de clasificación o colocación |
Dewey Decimal Classification |
| Tipo de ítem Koha |
Libro |